[Event "DEM U16w 2025"]
[Site "Willingen GER"]
[Date "2025.06.11"]
[Round "6"]
[White "Richter, Johanna"]
[Black "Weng, Yueyi Elina"]
[Result "1-0"]
[Termination "normal"]
[Board "6"]
[WhiteElo "1834"]
[BlackElo "1805"]
[WhiteClock "00:22:13"]
[BlackClock "00:22:12"]
[PlyCount "92"]
[WhiteFideId "16278925"]
[BlackFideId "34639896"]
[EventCountry "GER"]
[EventRounds "9"]
[EventType "swiss"]
[EventDate "2025.06.07"]

1. d4 {[%clk 01:30:56]} {[%emt 00:00:05]} d5 {[%clk 01:30:50]} {[%emt
00:00:10]} 2. c4 {[%clk 01:31:23]} {[%emt 00:00:03]} c6 {[%clk 01:31:12]}
{[%emt 00:00:07]} 3. Nf3 {[%clk 01:31:50]} {[%emt 00:00:04]} Nf6 {[%clk
01:31:32]} {[%emt 00:00:09]} 4. Nc3 {[%clk 01:32:14]} {[%emt 00:00:06]} a6
{[%clk 01:31:00]} {[%emt 00:01:03]} 5. e3 {[%clk 01:31:25]} {[%emt 00:01:19]}
Bf5 {[%clk 01:30:51]} {[%emt 00:00:39]} 6. Be2 {[%clk 01:29:03]} {[%emt
00:02:51]} e6 {[%clk 01:30:59]} {[%emt 00:00:23]} 7. O-O {[%clk 01:29:05]}
{[%emt 00:00:28]} Bd6 {[%clk 01:30:55]} {[%emt 00:00:35]} 8. a3 {[%clk
01:27:57]} {[%emt 00:01:37]} O-O {[%clk 01:30:27]} {[%emt 00:00:58]} 9. Bd2
{[%clk 01:22:28]} {[%emt 00:05:59]} Nbd7 {[%clk 01:30:15]} {[%emt 00:00:43]}
10. b4 {[%clk 01:21:42]} {[%emt 00:01:16]} dxc4 {[%clk 01:26:34]} {[%emt
00:04:11]} 11. Bxc4 {[%clk 01:21:42]} {[%emt 00:00:31]} e5 {[%clk 01:20:48]}
{[%emt 00:06:15]} 12. dxe5 {[%clk 01:08:59]} {[%emt 00:13:13]} Nxe5 {[%clk
01:20:08]} {[%emt 00:01:09]} 13. Be2 {[%clk 01:05:05]} {[%emt 00:04:25]} Ne4
{[%clk 01:09:42]} {[%emt 00:10:55]} 14. Nxe4 {[%clk 00:55:51]} {[%emt
00:09:45]} Bxe4 {[%clk 01:10:00]} {[%emt 00:00:13]} 15. Bc3 {[%clk 00:54:19]}
{[%emt 00:02:01]} Re8 {[%clk 01:01:51]} {[%emt 00:08:39]} 16. h3 {[%clk
00:49:45]} {[%emt 00:05:04]} Qf6 {[%clk 00:58:24]} {[%emt 00:03:56]} 17. Nd2
{[%clk 00:20:52]} {[%emt 00:29:24]} Bxg2 {[%clk 00:47:56]} {[%emt 00:10:58]}
18. Kxg2 {[%clk 00:20:36]} {[%emt 00:00:45]} Qg5+ {[%clk 00:41:36]} {[%emt
00:06:49]} 19. Kh1 {[%clk 00:15:57]} {[%emt 00:05:09]} Qh4 {[%clk 00:40:24]}
{[%emt 00:01:42]} 20. Bg4 {[%clk 00:16:12]} {[%emt 00:00:16]} h5 {[%clk
00:28:59]} {[%emt 00:11:54]} 21. Bxe5 {[%clk 00:14:40]} {[%emt 00:02:03]} Bxe5
{[%clk 00:21:50]} {[%emt 00:07:39]} 22. Nf3 {[%clk 00:13:49]} {[%emt 00:01:21]}
Qf6 {[%clk 00:22:10]} {[%emt 00:00:09]} 23. Nxe5 {[%clk 00:14:16]} {[%emt
00:00:05]} Rxe5 {[%clk 00:22:26]} {[%emt 00:00:13]} 24. Bxh5 {[%clk 00:13:29]}
{[%emt 00:01:17]} Qh6 {[%clk 00:22:09]} {[%emt 00:00:46]} 25. Bg4 {[%clk
00:10:53]} {[%emt 00:03:06]} f5 {[%clk 00:22:08]} {[%emt 00:00:31]} 26. Bh5
{[%clk 00:04:44]} {[%emt 00:06:39]} g6 {[%clk 00:22:26]} {[%emt 00:00:12]} 27.
Bf3 {[%clk 00:04:37]} {[%emt 00:00:38]} Qxh3+ {[%clk 00:22:48]} {[%emt
00:00:07]} 28. Kg1 {[%clk 00:05:05]} {[%emt 00:00:02]} Kf7 {[%clk 00:19:37]}
{[%emt 00:03:39]} 29. Bg2 {[%clk 00:04:27]} {[%emt 00:01:11]} Qh4 {[%clk
00:19:52]} {[%emt 00:00:14]} 30. Qd4 {[%clk 00:04:16]} {[%emt 00:00:41]} Qxd4
{[%clk 00:12:59]} {[%emt 00:07:24]} 31. exd4 {[%clk 00:04:45]} {[%emt
00:00:01]} Rb5 {[%clk 00:12:20]} {[%emt 00:01:08]} 32. Rfb1 {[%clk 00:03:59]}
{[%emt 00:01:16]} a5 {[%clk 00:11:58]} {[%emt 00:00:53]} 33. Bf1 {[%clk
00:04:20]} {[%emt 00:00:09]} Rb6 {[%clk 00:11:27]} {[%emt 00:01:01]} 34. bxa5
{[%clk 00:04:35]} {[%emt 00:00:16]} Rxb1 35. Rxb1 {[%clk 00:05:04]} Ra7 {[%clk
00:10:25]} {[%emt 00:01:20]} 36. Rb6 {[%clk 00:03:53]} {[%emt 00:01:41]} Rxa5
{[%clk 00:08:43]} {[%emt 00:02:12]} 37. Rxb7+ {[%clk 00:04:19]} {[%emt
00:00:04]} Ke6 {[%clk 00:09:05]} {[%emt 00:00:08]} 38. Bc4+ {[%clk 00:04:22]}
{[%emt 00:00:28]} Kd6 {[%clk 00:09:04]} {[%emt 00:00:29]} 39. Rb3 {[%clk
00:04:03]} {[%emt 00:00:49]} g5 {[%clk 00:07:51]} {[%emt 00:01:43]} 40. Kf1
{[%clk 00:02:23]} {[%emt 00:02:10]} Ra4 {[%clk 00:06:53]} {[%emt 00:01:28]} 41.
Rc3 {[%clk 00:02:28]} {[%emt 00:00:26]} f4 {[%clk 00:01:02]} {[%emt 00:06:20]}
42. f3 {[%clk 00:30:10]} {[%emt 00:02:49]} Ra7 {[%clk 00:30:14]} {[%emt
00:01:17]} 43. Kg2 {[%clk 00:25:20]} {[%emt 00:05:21]} Rh7 {[%clk 00:29:41]}
{[%emt 00:01:02]} 44. Bd3 {[%clk 00:23:09]} {[%emt 00:02:42]} Rh6 {[%clk
00:25:25]} {[%emt 00:04:46]} 45. Be4 {[%clk 00:23:29]} {[%emt 00:00:09]} Kd7
{[%clk 00:25:32]} {[%emt 00:00:23]} 46. Rxc6 {[%clk 00:22:13]} {[%emt
00:01:47]} Rh8 {[%clk 00:22:12]} {[%emt 00:03:49]} 1-0

[Event "DEM U16w 2025"]
[Site "Willingen GER"]
[Date "2025.06.11"]
[Round "6"]
[White "Prokscha, Charlotte"]
[Black "Ignatova, Gabriela"]
[Result "1/2-1/2"]
[Termination "normal"]
[Board "7"]
[WhiteElo "1808"]
[BlackElo "1688"]
[WhiteClock "00:15:39"]
[BlackClock "00:51:07"]
[PlyCount "43"]
[WhiteFideId "34614699"]
[BlackFideId "34623698"]
[EventCountry "GER"]
[EventRounds "9"]
[EventType "swiss"]
[EventDate "2025.06.07"]

1. d4 {[%clk 01:30:57]} {[%emt 00:00:03]} Nf6 {[%clk 01:30:34]} {[%emt
00:00:26]} 2. c4 {[%clk 01:31:16]} {[%emt 00:00:10]} c5 {[%clk 01:30:54]}
{[%emt 00:00:10]} 3. d5 {[%clk 01:31:41]} {[%emt 00:00:06]} b5 {[%clk
01:31:15]} {[%emt 00:00:09]} 4. cxb5 {[%clk 01:31:12]} {[%emt 00:00:59]} a6
{[%clk 01:31:36]} {[%emt 00:00:08]} 5. Nc3 {[%clk 01:29:22]} {[%emt 00:02:20]}
axb5 {[%clk 01:26:02]} {[%emt 00:06:05]} 6. Nxb5 {[%clk 01:10:44]} {[%emt
00:19:08]} d6 {[%clk 01:22:24]} {[%emt 00:04:06]} 7. Nf3 {[%clk 01:08:53]}
{[%emt 00:02:23]} g6 {[%clk 01:22:36]} {[%emt 00:00:18]} 8. e3 {[%clk
01:07:21]} {[%emt 00:02:01]} Bg7 {[%clk 01:21:19]} {[%emt 00:01:46]} 9. Bc4
{[%clk 01:02:55]} {[%emt 00:04:57]} O-O {[%clk 01:17:41]} {[%emt 00:04:08]} 10.
O-O {[%clk 01:03:13]} {[%emt 00:00:13]} Nbd7 {[%clk 01:13:54]} {[%emt
00:04:15]} 11. Qc2 {[%clk 00:57:53]} {[%emt 00:05:49]} Nb6 {[%clk 01:10:29]}
{[%emt 00:03:56]} 12. Rd1 {[%clk 00:53:52]} {[%emt 00:04:31]} Nxc4 {[%clk
01:07:21]} {[%emt 00:03:39]} 13. Qxc4 {[%clk 00:54:08]} {[%emt 00:00:14]} Ba6
{[%clk 01:07:26]} {[%emt 00:00:25]} 14. a4 {[%clk 00:53:36]} {[%emt 00:01:03]}
Qb8 {[%clk 01:06:09]} {[%emt 00:01:44]} 15. Ra3 {[%clk 00:52:56]} {[%emt
00:01:11]} Bxb5 {[%clk 01:02:51]} {[%emt 00:03:50]} 16. axb5 {[%clk 00:47:00]}
{[%emt 00:06:26]} Qb7 {[%clk 01:02:28]} {[%emt 00:00:53]} 17. Rdd3 {[%clk
00:31:21]} {[%emt 00:16:09]} Rfb8 {[%clk 00:55:50]} {[%emt 00:07:07]} 18. e4
{[%clk 00:20:19]} {[%emt 00:11:32]} Rxa3 {[%clk 00:52:20]} {[%emt 00:04:00]}
19. Rxa3 {[%clk 00:20:41]} {[%emt 00:00:08]} Qxb5 {[%clk 00:52:39]} {[%emt
00:00:12]} 20. Qxb5 {[%clk 00:20:01]} {[%emt 00:01:10]} Rxb5 {[%clk 00:52:55]}
{[%emt 00:00:13]} 21. Kf1 {[%clk 00:19:54]} {[%emt 00:00:38]} Rb8 {[%clk
00:51:07]} {[%emt 00:02:17]} 22. Ra4 {[%clk 00:15:39]} {[%emt 00:04:45]}
1/2-1/2

[Event "DEM U16w 2025"]
[Site "Willingen GER"]
[Date "2025.06.11"]
[Round "6"]
[White "Halas, Neele Zoe"]
[Black "Kopylov, Diana"]
[Result "1-0"]
[Termination "normal"]
[Board "8"]
[WhiteElo "1804"]
[BlackElo "1890"]
[WhiteClock "00:04:58"]
[BlackClock "00:18:52"]
[PlyCount "125"]
[WhiteFideId "16287282"]
[BlackFideId "16268865"]
[EventCountry "GER"]
[EventRounds "9"]
[EventType "swiss"]
[EventDate "2025.06.07"]

1. e4 {[%clk 01:30:41]} {[%emt 00:00:18]} c5 {[%clk 01:30:52]} {[%emt
00:00:08]} 2. c3 {[%clk 01:31:07]} {[%emt 00:00:04]} d5 {[%clk 01:31:17]}
{[%emt 00:00:05]} 3. exd5 {[%clk 01:31:33]} {[%emt 00:00:05]} Qxd5 {[%clk
01:31:41]} {[%emt 00:00:06]} 4. d4 {[%clk 01:31:59]} {[%emt 00:00:04]} Nf6
{[%clk 01:32:04]} {[%emt 00:00:07]} 5. Nf3 {[%clk 01:32:22]} {[%emt 00:00:07]}
e6 {[%clk 01:32:28]} {[%emt 00:00:05]} 6. Na3 {[%clk 01:32:37]} {[%emt
00:00:16]} Nc6 {[%clk 01:28:37]} {[%emt 00:04:21]} 7. Bc4 {[%clk 01:31:10]}
{[%emt 00:01:57]} Qd8 {[%clk 01:27:32]} {[%emt 00:01:34]} 8. Nc2 {[%clk
01:27:27]} {[%emt 00:04:13]} Be7 {[%clk 01:25:47]} {[%emt 00:02:15]} 9. O-O
{[%clk 01:25:06]} {[%emt 00:02:52]} O-O {[%clk 01:25:48]} {[%emt 00:00:28]} 10.
dxc5 {[%clk 01:22:01]} {[%emt 00:03:36]} Bxc5 {[%clk 01:25:20]} {[%emt
00:00:57]} 11. Qxd8 {[%clk 01:20:34]} {[%emt 00:01:58]} Rxd8 {[%clk 01:25:43]}
{[%emt 00:00:07]} 12. Be3 {[%clk 01:17:21]} {[%emt 00:03:43]} Bxe3 {[%clk
01:23:47]} {[%emt 00:02:26]} 13. Nxe3 {[%clk 01:17:40]} {[%emt 00:00:11]} b6
{[%clk 01:23:34]} {[%emt 00:00:41]} 14. Rfd1 {[%clk 01:12:38]} {[%emt
00:05:34]} Bb7 {[%clk 01:23:07]} {[%emt 00:00:56]} 15. Be2 {[%clk 01:12:26]}
{[%emt 00:00:43]} Kf8 {[%clk 01:20:37]} {[%emt 00:02:59]} 16. Kf1 {[%clk
01:10:44]} {[%emt 00:02:12]} Ke7 {[%clk 01:19:36]} {[%emt 00:01:30]} 17. Rxd8
{[%clk 01:05:02]} {[%emt 00:06:13]} Rxd8 {[%clk 01:19:51]} {[%emt 00:00:15]}
18. Rd1 {[%clk 01:04:39]} {[%emt 00:00:54]} Nd7 {[%clk 01:18:25]} {[%emt
00:01:55]} 19. Nc4 {[%clk 01:03:00]} {[%emt 00:02:10]} h6 {[%clk 01:16:08]}
{[%emt 00:02:46]} 20. b3 {[%clk 00:53:33]} {[%emt 00:09:58]} g5 {[%clk
01:13:48]} {[%emt 00:02:49]} 21. h3 {[%clk 00:51:12]} {[%emt 00:02:52]} f6
{[%clk 01:12:38]} {[%emt 00:01:39]} 22. Ne1 {[%clk 00:46:15]} {[%emt 00:05:27]}
Nc5 {[%clk 01:07:52]} {[%emt 00:05:16]} 23. Rxd8 {[%clk 00:45:56]} {[%emt
00:00:50]} Nxd8 {[%clk 01:07:53]} {[%emt 00:00:29]} 24. Nd2 {[%clk 00:43:53]}
{[%emt 00:02:32]} e5 {[%clk 01:06:56]} {[%emt 00:01:27]} 25. Nd3 {[%clk
00:43:27]} {[%emt 00:00:57]} Nce6 {[%clk 01:04:02]} {[%emt 00:03:23]} 26. Nb4
{[%clk 00:40:17]} {[%emt 00:03:41]} Nf4 {[%clk 01:02:00]} {[%emt 00:02:30]} 27.
Bf3 {[%clk 00:40:32]} {[%emt 00:00:16]} Bxf3 {[%clk 01:01:34]} {[%emt
00:00:56]} 28. Nxf3 {[%clk 00:40:56]} {[%emt 00:00:06]} a5 {[%clk 01:01:12]}
{[%emt 00:00:53]} 29. Nc2 {[%clk 00:40:49]} {[%emt 00:00:37]} Ke6 {[%clk
00:58:51]} {[%emt 00:02:50]} 30. Ne3 {[%clk 00:39:17]} {[%emt 00:02:02]} Nb7
{[%clk 00:55:42]} {[%emt 00:03:40]} 31. Ne1 {[%clk 00:35:57]} {[%emt 00:03:49]}
Nd6 {[%clk 00:53:07]} {[%emt 00:03:05]} 32. f3 {[%clk 00:35:42]} {[%emt
00:00:46]} h5 {[%clk 00:49:54]} {[%emt 00:03:43]} 33. c4 {[%clk 00:27:59]}
{[%emt 00:08:14]} h4 {[%clk 00:46:42]} {[%emt 00:03:39]} 34. Kf2 {[%clk
00:25:18]} {[%emt 00:03:12]} e4 {[%clk 00:43:27]} {[%emt 00:03:45]} 35. Nd1
{[%clk 00:24:33]} {[%emt 00:01:15]} Ke5 {[%clk 00:41:58]} {[%emt 00:01:58]} 36.
fxe4 {[%clk 00:18:59]} {[%emt 00:06:05]} Nxe4+ {[%clk 00:41:02]} {[%emt
00:01:26]} 37. Ke3 {[%clk 00:19:05]} {[%emt 00:00:25]} Ng3 {[%clk 00:39:17]}
{[%emt 00:02:13]} 38. Nc3 {[%clk 00:15:14]} {[%emt 00:04:23]} Kd6 {[%clk
00:35:50]} {[%emt 00:03:56]} 39. a3 {[%clk 00:08:49]} {[%emt 00:06:55]} Ke5
{[%clk 00:29:54]} {[%emt 00:06:26]} 40. Nd3+ {[%clk 00:05:42]} {[%emt
00:03:38]} Nxd3 {[%clk 00:28:16]} {[%emt 00:02:07]} 41. Kxd3 {[%clk 00:06:02]}
{[%emt 00:00:10]} Nf5 {[%clk 00:26:54]} {[%emt 00:01:51]} 42. Ne2 {[%clk
00:13:56]} {[%emt 00:22:37]} Kd6 {[%clk 00:49:12]} {[%emt 00:08:11]} 43. Ke4
{[%clk 00:10:54]} {[%emt 00:03:33]} Ke6 {[%clk 00:46:44]} {[%emt 00:02:58]} 44.
Nd4+ {[%clk 00:07:07]} {[%emt 00:04:17]} Nxd4 {[%clk 00:46:44]} {[%emt
00:00:29]} 45. Kxd4 {[%clk 00:07:36]} {[%emt 00:00:02]} Kd6 {[%clk 00:34:48]}
{[%emt 00:12:25]} 46. b4 {[%clk 00:08:00]} {[%emt 00:00:07]} a4 {[%clk
00:33:17]} {[%emt 00:02:01]} 47. Ke4 {[%clk 00:06:36]} {[%emt 00:01:54]} Ke6
{[%clk 00:30:58]} {[%emt 00:02:49]} 48. c5 {[%clk 00:02:41]} {[%emt 00:04:25]}
bxc5 {[%clk 00:30:23]} {[%emt 00:01:05]} 49. bxc5 {[%clk 00:03:07]} {[%emt
00:00:04]} f5+ {[%clk 00:30:27]} {[%emt 00:00:26]} 50. Kd4 {[%clk 00:03:27]}
{[%emt 00:00:10]} f4 {[%clk 00:30:03]} {[%emt 00:00:53]} 51. Ke4 {[%clk
00:02:34]} {[%emt 00:01:24]} f3 {[%clk 00:15:57]} {[%emt 00:14:35]} 52. gxf3
{[%clk 00:02:24]} {[%emt 00:00:41]} Kd7 {[%clk 00:15:59]} {[%emt 00:00:28]} 53.
Kd5 {[%clk 00:02:14]} {[%emt 00:00:40]} Kc7 {[%clk 00:16:04]} {[%emt 00:00:25]}
54. Ke5 {[%clk 00:01:45]} {[%emt 00:00:59]} Kc6 {[%clk 00:16:25]} {[%emt
00:00:10]} 55. Kf5 {[%clk 00:02:10]} {[%emt 00:00:05]} Kxc5 {[%clk 00:16:45]}
{[%emt 00:00:09]} 56. Kxg5 {[%clk 00:02:36]} {[%emt 00:00:04]} Kc4 {[%clk
00:17:04]} {[%emt 00:00:11]} 57. f4 {[%clk 00:03:00]} {[%emt 00:00:07]} Kb3
{[%clk 00:17:20]} {[%emt 00:00:12]} 58. f5 {[%clk 00:03:25]} {[%emt 00:00:06]}
Kxa3 {[%clk 00:17:42]} {[%emt 00:00:07]} 59. f6 {[%clk 00:03:49]} {[%emt
00:00:07]} Kb2 {[%emt 00:00:14]} 60. f7 {[%clk 00:04:08]} {[%emt 00:00:11]} a3
{[%clk 00:18:18]} {[%emt 00:00:11]} 61. f8=Q {[%clk 00:04:27]} {[%emt
00:00:10]} a2 {[%clk 00:18:39]} {[%emt 00:00:08]} 62. Qf6+ {[%clk 00:04:38]}
{[%emt 00:00:20]} Kb1 {[%clk 00:18:52]} {[%emt 00:00:16]} 63. Kxh4 {[%clk
00:04:58]} {[%emt 00:00:11]} 1-0

[Event "DEM U16w 2025"]
[Site "Willingen GER"]
[Date "2025.06.11"]
[Round "6"]
[White "Dedic, Sajra"]
[Black "Preißler, Viktoria"]
[Result "0-1"]
[Termination "normal"]
[Board "9"]
[WhiteElo "1657"]
[BlackElo "1828"]
[WhiteClock "00:48:00"]
[BlackClock "00:29:23"]
[PlyCount "44"]
[WhiteFideId "14422794"]
[BlackFideId "34693360"]
[EventCountry "GER"]
[EventRounds "9"]
[EventType "swiss"]
[EventDate "2025.06.07"]

1. e4 {[%clk 01:30:59]} {[%emt 00:00:02]} c6 {[%clk 01:28:32]} {[%emt
00:02:28]} 2. d4 {[%clk 01:31:22]} {[%emt 00:00:06]} d5 {[%clk 01:28:32]}
{[%emt 00:00:31]} 3. Nd2 {[%clk 01:31:46]} {[%emt 00:00:06]} dxe4 {[%clk
01:27:01]} {[%emt 00:02:00]} 4. Nxe4 {[%clk 01:32:10]} {[%emt 00:00:06]} Nf6
{[%clk 01:23:43]} {[%emt 00:03:48]} 5. Nxf6+ {[%clk 01:32:32]} {[%emt
00:00:09]} exf6 {[%clk 01:24:05]} {[%emt 00:00:07]} 6. Be3 {[%clk 01:32:54]}
{[%emt 00:00:07]} Bd6 {[%clk 01:24:10]} {[%emt 00:00:25]} 7. Bd3 {[%clk
01:33:16]} {[%emt 00:00:09]} O-O {[%clk 01:24:12]} {[%emt 00:00:29]} 8. Ne2
{[%clk 01:33:39]} {[%emt 00:00:06]} Re8 {[%clk 01:24:14]} {[%emt 00:00:28]} 9.
O-O {[%clk 01:33:45]} {[%emt 00:00:23]} Nd7 {[%clk 01:24:01]} {[%emt 00:00:44]}
10. c4 {[%clk 01:33:59]} {[%emt 00:00:16]} Nf8 {[%clk 01:23:40]} {[%emt
00:00:51]} 11. Qc2 {[%clk 01:33:54]} {[%emt 00:00:35]} Ng6 {[%clk 01:18:19]}
{[%emt 00:05:51]} 12. c5 {[%clk 01:33:19]} {[%emt 00:01:05]} Bc7 {[%clk
01:18:12]} {[%emt 00:00:37]} 13. b4 {[%clk 01:33:06]} {[%emt 00:00:43]} Be6
{[%clk 01:02:24]} {[%emt 00:16:19]} 14. b5 {[%clk 01:31:34]} {[%emt 00:02:01]}
Qd7 {[%clk 01:01:05]} {[%emt 00:01:49]} 15. Nc3 {[%clk 01:28:10]} {[%emt
00:03:54]} f5 {[%clk 00:57:29]} {[%emt 00:04:06]} 16. bxc6 {[%clk 01:22:10]}
{[%emt 00:06:31]} bxc6 {[%clk 00:57:42]} {[%emt 00:00:17]} 17. Rfd1 {[%clk
01:13:05]} {[%emt 00:09:35]} f4 {[%clk 00:53:57]} {[%emt 00:04:15]} 18. Bc1
{[%clk 01:13:16]} {[%emt 00:00:18]} f3 {[%clk 00:45:07]} {[%emt 00:09:20]} 19.
g3 {[%clk 01:10:19]} {[%emt 00:03:27]} Bh3 {[%clk 00:44:07]} {[%emt 00:01:30]}
20. d5 {[%clk 01:04:05]} {[%emt 00:06:44]} Re5 {[%clk 00:32:56]} {[%emt
00:11:41]} 21. Bxg6 {[%clk 00:48:41]} {[%emt 00:15:54]} hxg6 {[%clk 00:32:38]}
{[%emt 00:00:48]} 22. Bf4 {[%clk 00:48:00]} {[%emt 00:01:11]} Bf1 {[%clk
00:29:23]} {[%emt 00:03:46]} 0-1

[Event "DEM U16w 2025"]
[Site "Willingen GER"]
[Date "2025.06.11"]
[Round "6"]
[White "Schulten, Namita"]
[Black "Oellrich, Emma"]
[Result "1-0"]
[Termination "normal"]
[Board "10"]
[WhiteElo "1696"]
[BlackElo "1824"]
[WhiteClock "00:49:12"]
[BlackClock "00:01:19"]
[PlyCount "83"]
[WhiteFideId "34663568"]
[BlackFideId "16268806"]
[EventCountry "GER"]
[EventRounds "9"]
[EventType "swiss"]
[EventDate "2025.06.07"]

1. e4 {[%clk 01:30:58]} {[%emt 00:00:01]} e6 {[%clk 01:30:55]} {[%emt
00:00:06]} 2. c4 {[%clk 01:31:14]} {[%emt 00:00:14]} d5 {[%clk 01:31:18]}
{[%emt 00:00:06]} 3. cxd5 {[%clk 01:31:40]} {[%emt 00:00:05]} exd5 {[%clk
01:31:42]} {[%emt 00:00:06]} 4. exd5 {[%clk 01:32:03]} {[%emt 00:00:07]} Nf6
{[%clk 01:31:53]} {[%emt 00:00:19]} 5. Nc3 {[%clk 01:31:57]} {[%emt 00:00:36]}
Nxd5 {[%clk 01:30:24]} {[%emt 00:01:59]} 6. Bc4 {[%clk 01:31:28]} {[%emt
00:00:58]} Nb6 {[%clk 01:28:15]} {[%emt 00:02:40]} 7. Bb3 {[%clk 01:31:50]}
{[%emt 00:00:07]} Be7 {[%clk 01:27:10]} {[%emt 00:01:35]} 8. Nf3 {[%clk
01:31:34]} {[%emt 00:00:46]} Bg4 {[%clk 01:26:47]} {[%emt 00:00:53]} 9. h3
{[%clk 01:31:48]} {[%emt 00:00:15]} Bh5 {[%clk 01:27:04]} {[%emt 00:00:13]} 10.
O-O {[%clk 01:31:24]} {[%emt 00:00:55]} O-O {[%clk 01:23:13]} {[%emt 00:04:21]}
11. Re1 {[%clk 01:28:55]} {[%emt 00:02:59]} Nc6 {[%clk 01:19:42]} {[%emt
00:04:01]} 12. Ne4 {[%clk 01:27:20]} {[%emt 00:02:05]} Kh8 {[%clk 01:17:12]}
{[%emt 00:03:00]} 13. Ng3 {[%clk 01:27:13]} {[%emt 00:00:37]} Bg6 {[%clk
01:16:45]} {[%emt 00:00:57]} 14. d4 {[%clk 01:26:37]} {[%emt 00:01:06]} Nd5
{[%clk 01:05:17]} {[%emt 00:11:59]} 15. Ne5 {[%clk 01:23:06]} {[%emt 00:04:00]}
Ndb4 {[%clk 00:41:23]} {[%emt 00:24:24]} 16. Nxg6+ {[%clk 01:16:39]} {[%emt
00:06:57]} fxg6 {[%clk 00:41:05]} {[%emt 00:00:49]} 17. a3 {[%clk 01:12:58]}
{[%emt 00:04:10]} Nd5 {[%clk 00:35:11]} {[%emt 00:06:23]} 18. Ne2 {[%clk
01:11:54]} {[%emt 00:01:34]} Bf6 {[%clk 00:32:40]} {[%emt 00:03:03]} 19. Be3
{[%clk 01:05:55]} {[%emt 00:06:28]} Nce7 {[%clk 00:29:56]} {[%emt 00:03:14]}
20. Nc3 {[%clk 01:03:23]} {[%emt 00:03:03]} c6 {[%clk 00:29:43]} {[%emt
00:00:42]} 21. Rc1 {[%clk 01:02:45]} {[%emt 00:01:08]} Qd7 {[%clk 00:27:53]}
{[%emt 00:02:20]} 22. Re2 {[%clk 00:56:14]} {[%emt 00:07:02]} g5 {[%clk
00:26:51]} {[%emt 00:01:30]} 23. Rec2 {[%clk 00:56:16]} {[%emt 00:00:29]} h6
{[%clk 00:25:05]} {[%emt 00:02:17]} 24. Nxd5 {[%clk 00:56:06]} {[%emt
00:00:39]} Nxd5 {[%clk 00:25:16]} {[%emt 00:00:19]} 25. Bxd5 {[%clk 00:56:14]}
{[%emt 00:00:22]} Qxd5 {[%clk 00:25:33]} {[%emt 00:00:13]} 26. Rc5 {[%clk
00:56:25]} {[%emt 00:00:19]} Qe4 {[%clk 00:23:15]} {[%emt 00:02:49]} 27. Qb3
{[%clk 00:55:05]} {[%emt 00:01:49]} Rab8 {[%clk 00:15:54]} {[%emt 00:07:52]}
28. d5 {[%clk 00:54:11]} {[%emt 00:01:24]} Be7 {[%clk 00:12:32]} {[%emt
00:03:51]} 29. R5c2 {[%clk 00:53:31]} {[%emt 00:01:10]} a5 {[%clk 00:08:33]}
{[%emt 00:04:31]} 30. Ba7 {[%clk 00:51:57]} {[%emt 00:02:02]} a4 {[%clk
00:07:38]} {[%emt 00:01:25]} 31. Qb6 {[%clk 00:50:30]} {[%emt 00:01:57]} Bd8
{[%clk 00:06:25]} {[%emt 00:01:43]} 32. Qc5 {[%clk 00:50:32]} {[%emt 00:00:28]}
Be7 {[%clk 00:06:28]} {[%emt 00:00:28]} 33. d6 {[%clk 00:50:43]} {[%emt
00:00:18]} Bxd6 {[%clk 00:00:57]} {[%emt 00:06:01]} 34. Qxd6 {[%clk 00:50:46]}
{[%emt 00:00:27]} Rbe8 {[%clk 00:00:55]} {[%emt 00:00:32]} 35. Be3 {[%clk
00:50:38]} {[%emt 00:00:37]} Rf6 {[%clk 00:00:47]} {[%emt 00:00:38]} 36. Qg3
{[%clk 00:50:20]} {[%emt 00:00:49]} Qf5 {[%clk 00:00:40]} {[%emt 00:00:38]} 37.
Rc5 {[%clk 00:50:17]} {[%emt 00:00:32]} Qe6 {[%clk 00:00:43]} {[%emt 00:00:26]}
38. R5c4 {[%clk 00:50:37]} {[%emt 00:00:10]} Rf5 {[%clk 00:00:46]} {[%emt
00:00:29]} 39. Rxa4 {[%clk 00:50:04]} {[%emt 00:01:03]} Rb5 {[%clk 00:01:08]}
{[%emt 00:00:08]} 40. Bd4 {[%clk 00:49:32]} {[%emt 00:01:01]} Qb3 {[%clk
00:00:53]} {[%emt 00:00:46]} 41. Qxb3 {[%clk 00:48:57]} {[%emt 00:01:04]} Rxb3
{[%clk 00:01:19]} {[%emt 00:00:05]} 42. Bc3 {[%clk 00:49:12]} {[%emt 00:00:14]}
1-0